Sanat - "Mä en kestä" - Laura Voutilainen - Statistics

Yleistilastot
  • Tätä visaa on pelattu 49 kertaa
  • Keskiarvotulos 171 / 237
Vastaustilastot
Vastaus % Oikein
en
100%
kestä
100%
100%
100%
kun
97%
97%
ihan
94%
ihana
94%
niin
94%
oot
94%
et
88%
Et
88%
jo
88%
katot
88%
mua
88%
tolleen
88%
alle
85%
jos
85%
olleen
76%
tuot
76%
sun
74%
alettasko
71%
pian
71%
sitä
71%
sormusta
71%
mulle
68%
saa
68%
ite
62%
mun
62%
olisinko
62%
pelloilta
62%
isäs
59%
ne
59%
ei
56%
mut
56%
katon
53%
kauan
53%
kuinka
53%
muuteta
53%
ootella
53%
poimit
53%
saman
53%
sanot
53%
Sanot
53%
Siis
53%
siis
53%
ja
50%
kauempaa
50%
pitää
50%
silleen
50%
teet
50%
vielä
50%
auringonkukkia
47%
oon
47%
että
44%
ainoo
41%
kiitos
41%
luojan
41%
rakastunut
41%
sulta
41%
uskalla
41%
Villeen
41%
pataruokia
38%
hätistelet
35%
keittiössä
35%
tiedät
35%
vaimoo
35%
hyvin
32%
lukkia
32%
monta
32%
tuntia
32%
vietät
32%
josta
29%
nyt
29%
takii
29%
oikeesti
26%
tässä
26%
itellensä
24%
kaikki
24%
on
24%
toivoo
24%
joo
21%
kiire
21%
meillä
21%
mikä
21%
totuus
21%
mutku
18%
ulos
18%
voisin
15%
Ehtoja vastaavia visoja ei löytynyt
Tulosjakauma
Jokaisen tuloksen saaneiden osuus
Persentiili vastausten määrän mukaan
Tuloshistoriasi
Et ole pelannut tätä visaa